| 000 | 00998nam a22001937a 4500 | ||
|---|---|---|---|
| 010 | _aHIN-128763 | ||
| 020 |
_a9788185255456 _c895.00 |
||
| 035 | _aHN-101109 | ||
| 037 | _aDBAD | ||
| 082 | _a323.4 | ||
| 100 |
_aगुप्त, कैलाश नाथ _973934 |
||
| 245 |
_aमानवाधिकार संघर्ष, संधर्भ एवं निवारण : _bराष्ट्रीय मानव अधिकार आयोग, भारत सरकार पुरस्कृत/ _cकैलाश नाथ गुप्त |
||
| 250 | _aद्वितीय | ||
| 260 |
_a दिल्ली _bअभिव्यक्ति प्रकाशन _c2021 |
||
| 270 |
_a29/61, गली नं. 11, विश्वास नगर _b दिल्ली _e110032 _k9873223977 |
||
| 300 |
_a320पृ. _c23सेमी (सजिल्द) |
||
| 700 |
_aशाह, सरिता _973807 |
||
| 942 |
_2ddc _cHN _h323.4 _mगुप्तकै |
||
| 999 |
_c206945 _d206945 |
||